| 000 | 00743nam a2200253 a 4500 | ||
|---|---|---|---|
| 001 | 65971 | ||
| 003 | BD-RjUL | ||
| 005 | 20211209081504.0 | ||
| 008 | 170313s1993 caua 001 0 eng | ||
| 020 |
_a1558512357 : _c$29.95 |
||
| 035 | _a(BD-RjUL)66101 | ||
| 040 |
_aDLC _cDLC _dDLC _beng |
||
| 041 | _aeng | ||
| 082 | 0 | 0 |
_a005.71369 _223 _bLIN 1993 |
| 100 | 1 |
_aLiebing, Edward. _9195121 |
|
| 245 | 1 | 0 |
_aNetWare user's guide : _bversion 2.2 / _cEdward Liebing. |
| 260 |
_aRedwood City, CA : _bM&T Books, _cc1993. |
||
| 300 |
_axxii, 662 p. : _bill. ; _c24 cm. |
||
| 500 | _a"Tap the power of NetWare v2.2." | ||
| 500 | _aIncludes index. | ||
| 650 | 0 |
_aOperating systems (Computers) _9195122 |
|
| 650 | 0 |
_aNetWare _9195123 |
|
| 942 |
_2ddc _cBK |
||
| 999 |
_c65971 _d65971 |
||